000 00554nam a2200193 4500
001 124218
003 ES-MaACL
005 20250408063058.0
007 t|
008 070214s1917 sp r ||||1| spa d
100 1 _aRas, Matilde,
_d1881-1969
_995477
245 1 0 _aGrafología
_b: estudio del carácter por la escritura /
_cMatilde Ras.
260 _aBarcelona :
_bEstudio,
_c1917.
300 _a253 p. ;
_c23 cm.
500 _aNo tiene portada.
650 _aGrafología.
_913152
852 _aES-MaACL
_jF-8062
999 _c124218
_d124218